| 000 | 01733cam a2200433 i 4500 | ||
|---|---|---|---|
| 001 | 17274295 | ||
| 003 | BJBSDDR | ||
| 005 | 20260512130148.0 | ||
| 007 | ta | ||
| 008 | 120426t20121996nyu 000 1 eng | ||
| 010 | _a 2012372642 | ||
| 020 |
_a9780449911907 _qpbk. |
||
| 020 | _z9780679645726 (ebk.) | ||
| 035 | _a17274295 | ||
| 040 |
_aDLC _beng _cDLC _erda _dDLC |
||
| 041 | _aeng | ||
| 042 | _apcc | ||
| 050 | 0 | 0 |
_aPS3571.P4 _bC6 2012 |
| 082 | 0 | 0 |
_a813/.54 _223 |
| 100 | 1 |
_aUpdike, John Hoyer, _d1932-2009 _927119 |
|
| 245 | 1 | 0 |
_aCouples : _ba novel / _cJohn Updike. |
| 250 | _aRandom House Trade Paperback Edition. | ||
| 260 |
_aNew York : _bRandom House Trade Paperbacks ; _c2012 . |
||
| 300 |
_a557 pages ; _c21 cm. |
||
| 336 |
_atext _2rdacontent |
||
| 337 |
_aunmediated _2rdamedia |
||
| 338 |
_avolume _2rdacarrier |
||
| 505 | _aCouples is the book that has been assailed for its complete frankness and praised as an artful, seductive, savagely graphic portrait of love, marriage, and adultery in America. But be it damned or hailed, Couples drew back the curtain forever on sex in suburbia in the late twentieth century. A classic, it is one of those books that will be read -- and remembered -- for a long time to come. -- Provided by publisher. | ||
| 650 | 0 |
_aMarried people _vFiction. |
|
| 650 | 0 |
_aSuburban life _vFiction. |
|
| 650 | 0 |
_aAdultery _vFiction. |
|
| 655 | 7 |
_aLove stories. _2gsafd |
|
| 655 | 7 |
_aFiction. _2lcgft _0https://id.loc.gov/authorities/genreForms/gf2014026339 |
|
| 906 |
_a7 _bcbc _corignew _d2 _encip _f20 _gy-gencatlg |
||
| 942 |
_2lcc _n0 _cBK |
||
| 946 | _isba | ||
| 999 |
_c127062 _d127062 |
||